Principles of operations research for management / (Record no. 1103)
[ view plain ]
| 000 -LEADER | |
|---|---|
| fixed length control field | 00971nac a22002291u 4500 |
| 010 ## - LIBRARY OF CONGRESS CONTROL NUMBER | |
| LC control number | 87081435 |
| 020 ## - INTERNATIONAL STANDARD BOOK NUMBER | |
| International Standard Book Number | 8185386722 |
| 082 00 - DEWEY DECIMAL CLASSIFICATION NUMBER | |
| Classification number | 658.4034 |
| Item number | B9278 |
| 090 ## - LOCALLY ASSIGNED LC-TYPE CALL NUMBER (OCLC); LOCAL CALL NUMBER (OCLC) | |
| -- | 1103 |
| -- | 1103 |
| 100 ## - MAIN ENTRY--PERSONAL NAME | |
| Personal name | Budnick, Frank S. |
| 245 10 - TITLE STATEMENT | |
| Title | Principles of operations research for management / |
| Statement of responsibility, etc | Frank S. Budnick, Dennis McLeavey, Richard Mojena. |
| 250 ## - EDITION STATEMENT | |
| Edition statement | 2nd ed. |
| 260 ## - PUBLICATION, DISTRIBUTION, ETC. (IMPRINT) | |
| Place of publication, distribution, etc | New Delhi : |
| Name of publisher, distributor, etc | A. I. T. B. S. publishers and distributers, |
| Date of publication, distribution, etc | 2004. |
| 300 ## - PHYSICAL DESCRIPTION | |
| Extent | xx, 988 p. : |
| Other physical details | ill. ; |
| Dimensions | 25 cm. |
| 500 ## - GENERAL NOTE | |
| General note | Includes index. |
| 650 #0 - SUBJECT ADDED ENTRY--TOPICAL TERM | |
| Topical term or geographic name as entry element | Operations research. |
| 700 1# - ADDED ENTRY--PERSONAL NAME | |
| Personal name | McLeavey, Dennis W. |
| 700 1# - ADDED ENTRY--PERSONAL NAME | |
| Personal name | Mojena, Richard. |
| 942 ## - ADDED ENTRY ELEMENTS (KOHA) | |
| Item type | Book - Borrowing |
| Call number prefix | 658.4034B9278 |
| Withdrawn status | Item status | Source of classification or shelving scheme | Damaged status | Not for loan | Vendor | Home library | Current library | Shelving location | Date acquired | Source of acquisition | Cost, normal purchase price | Total Checkouts | Total Renewals | Full call number | Barcode | Date last seen | Date last borrowed | Cost, replacement price | Koha item type |
|---|---|---|---|---|---|---|---|---|---|---|---|---|---|---|---|---|---|---|---|
| Dewey Decimal Classification | Central Library | Central Library | First floor | 21/08/2006 | 74.00 | 1 | 2 | 658.4034 BUD | 000003392 | 15/07/2025 | 21/12/2011 | 92.50 | Book - Borrowing | ||||||
| Dewey Decimal Classification | Central Library | Central Library | First floor | 21/08/2006 | 74.00 | 658.4034 BUD | 000003391 | 15/07/2025 | 92.50 | Book - Borrowing |